| 000 | 01565cam a22002054a 4500 | ||
|---|---|---|---|
| 005 | 20250605164219.0 | ||
| 008 | 250528s ||||||||||||||||||||||||d | ||
| 035 | _a20614 | ||
| 020 | _a72967390 | ||
| 040 |
_aGR-AtMCL _bgre _dGR-AtMCL _eAACR2 |
||
| 245 | 1 | _aLife Span Development / Tenth Edition | |
| 250 | _a10th | ||
| 260 |
_bMcgraw Hill, _c2006 |
||
| 300 | _a790 | ||
| 520 | _aThis book has won wide praise for accurate, up-to-date coverage and its unique Learning Goals system. The Life-Span Development Perspective, Introduction, Appendix: Careers in Life-Span Development, The Science of Life-Span Development, Beginnings, Biological Beginnings, Prenatal Development and Birth, Infancy, Physical Development in Infancy, Cognitive Development in Infancy, Socioemotional Development in Infancy, Middle and Late Childhood, Physical and Cognitive Development in Middle and Late Childhood, Socioemotional Development in Middle and Late Childhood, Adolescence, Physical and Cognitive Development in Adolescence, Socioemotional Development in Adolescence, Early Childhood, Physical and Cognitive Development in Early Childhood, Socioemotional Development in Early Childhood, Middle Adulthood, Physical and Cognitive Development in Middle Adulthood, Socioemotional Development in Middle Adulthood, Late Adulthood, Physical Development in Late Adulthood, Cognitive Development in Late Adulthood, Socioemotional Development in Late Adulthood, Endings, Death and Grieving. | ||
| 700 | 1 |
_aSantrock John W _94374 |
|
| 942 | _cBK | ||
| 999 |
_c5705 _d5705 |
||